000 00536nam a2200193Ia 4500
008 240509s9999 xx 000 0 und d
020 _a0000130118982
041 _aEng
082 _a005.8
082 _bD56
100 _aDORASWAMY N. : HARKINS D.
245 0 _aIPSEC : THE NEW SECURITY STANDARD FOR THE INTERNET, INTRANETS, AND VIRTUAL PRIVATE NETWORKS
260 _bNEW JERSEY : PRINTICE HALL
260 _c1999
300 _a216 p.
650 _aINTERNET : COMPUTER NETWORKS : IP:SECURITY
942 _2ddc
942 _cRBK
999 _c22581
_d22581
945 _a1
_bMadushi Gamage
_c1
_dMadushi Gamage